Biología 1: la vida en la tierra : una introducción al estudio de la ecosfera /
Guardado en:
| Autor Principal: | |
|---|---|
| Otros Autores: | |
| Formato: | Libro |
| Publicado: |
Buenos Aires :
Colihue,
1996
|
| Materias: | |
| Etiquetas: |
Agregar Etiqueta
Sin Etiquetas, Sea el primero en etiquetar este registro!
|
| LEADER | 00900nam a22002175a 4500 | ||
|---|---|---|---|
| 001 | CEM.cems010617 | ||
| 005 | 20080507113228.0 | ||
| 008 | 130507s1996##################000#0#####d | ||
| 003 | CEMS | ||
| 020 | |a 9505813457 | ||
| 082 | 0 | 4 | |a 574 |
| 100 | 1 | |a Aljanati, David | |
| 245 | 1 | 0 | |a Biología 1: la vida en la tierra : |b una introducción al estudio de la ecosfera / |c David Aljanati, Eduardo Wolovelsky |
| 260 | |a Buenos Aires : |b Colihue, |c 1996 | ||
| 300 | |a 201 p. | ||
| 500 | |a Primer año del Ciclo Básico Unificado - 8º Egb | ||
| 505 | 0 | |a Acerca de la vida -- Sobre el origen y la evolución de la vida -- Energía y vida -- Ecositema -- El ecosistema en el tiempo -- El hombre como factor evolutivo -- El hombre una especie en peligro -- Sobre la ciencia | |
| 653 | |a Biología | ||
| 653 | |a Biología-egb | ||
| 700 | 1 | |a Wolovelsky, Eduardo | |
| 859 | |a CEMS |b BIB. CEMS - 11 de abril |h 574 |i Al48 |p 21168.01 |t Ej.1 | ||
